<?xml version="1.0" encoding="UTF-8"?>
<record
    xmlns:xsi="http://www.w3.org/2001/XMLSchema-instance"
    xsi:schemaLocation="http://www.loc.gov/MARC21/slim http://www.loc.gov/standards/marcxml/schema/MARC21slim.xsd"
    xmlns="http://www.loc.gov/MARC21/slim">

  <leader>01394nam a22002417a 4500</leader>
  <controlfield tag="003">AR-RoUNCS</controlfield>
  <controlfield tag="005">20260511161412.0</controlfield>
  <controlfield tag="007">ta</controlfield>
  <controlfield tag="008">260511s1980    sp |||||r|||| 00| 1 spa d</controlfield>
  <datafield tag="020" ind1=" " ind2=" ">
    <subfield code="a">8402040388</subfield>
  </datafield>
  <datafield tag="040" ind1=" " ind2=" ">
    <subfield code="a">AR-RoUNCS</subfield>
    <subfield code="b">spa</subfield>
    <subfield code="c">AR-RoUNCS</subfield>
  </datafield>
  <datafield tag="041" ind1="1" ind2=" ">
    <subfield code="a">spa</subfield>
    <subfield code="h">ita</subfield>
  </datafield>
  <datafield tag="100" ind1="1" ind2=" ">
    <subfield code="a">Calvino, Italo, </subfield>
    <subfield code="d">1923-1985</subfield>
    <subfield code="e">autor</subfield>
  </datafield>
  <datafield tag="245" ind1="1" ind2="3">
    <subfield code="a">El bar&#xF3;n rampante /  </subfield>
    <subfield code="c">Italo Calvino.</subfield>
  </datafield>
  <datafield tag="250" ind1=" " ind2=" ">
    <subfield code="a">1a ed.</subfield>
  </datafield>
  <datafield tag="260" ind1=" " ind2=" ">
    <subfield code="a">Barcelona : </subfield>
    <subfield code="b">Bruguera,</subfield>
    <subfield code="c">1980.</subfield>
  </datafield>
  <datafield tag="300" ind1=" " ind2=" ">
    <subfield code="a">251 p. ; </subfield>
    <subfield code="c">18 cm.</subfield>
  </datafield>
  <datafield tag="490" ind1="0" ind2=" ">
    <subfield code="a">Colecci&#xF3;n de Literatura Universal Bruguera ; </subfield>
    <subfield code="v">14</subfield>
  </datafield>
  <datafield tag="520" ind1=" " ind2=" ">
    <subfield code="a">Cuando tenia 12 a&#xF1;os, Cosimo Piovasco, bar&#xF3;n de Rondo, en un gesto de rebeli&#xF3;n contra la tiran&#xED;a familiar, se encaramo a una encina del jard&#xED;n de la casa paterna. Ese mismo d&#xED;a, el 15 de junio de 1767, encontr&#xF3; a la hija de los marqueses de Ondarivia y le anuncio su prop&#xF3;sito de no bajar nunca de los arboles. Desde entonces y hasta el final de su vida, Cosimo permanece fiel a una disciplina que el mismo se ha impuesto.  La acci&#xF3;n fant&#xE1;stica transcurre en las postrimetr&#xED;as del siglo XVII y en los albores del XIX. Cosimo participa tanto en la revoluci&#xF3;n francesa como en las invasiones napole&#xF3;nicas, pero sin abandonar nunca esa distancia necesaria que le permite estar dentro y fuera de las cosas al mismo tiempo.
</subfield>
  </datafield>
  <datafield tag="650" ind1=" " ind2="7">
    <subfield code="2">embne</subfield>
    <subfield code="a">Literatura italiana</subfield>
  </datafield>
  <datafield tag="655" ind1=" " ind2="7">
    <subfield code="2">embne</subfield>
    <subfield code="a">Novelas</subfield>
  </datafield>
  <datafield tag="942" ind1=" " ind2=" ">
    <subfield code="2">udc</subfield>
    <subfield code="c">OG</subfield>
    <subfield code="n">0</subfield>
  </datafield>
  <datafield tag="999" ind1=" " ind2=" ">
    <subfield code="c">1012</subfield>
    <subfield code="d">1012</subfield>
  </datafield>
  <datafield tag="952" ind1=" " ind2=" ">
    <subfield code="0">0</subfield>
    <subfield code="1">0</subfield>
    <subfield code="2">udc</subfield>
    <subfield code="4">0</subfield>
    <subfield code="7">0</subfield>
    <subfield code="8">CG</subfield>
    <subfield code="a">ESOCIALES</subfield>
    <subfield code="b">ESOCIALES</subfield>
    <subfield code="d">2026-05-11</subfield>
    <subfield code="e">Donaci&#xF3;n 2026</subfield>
    <subfield code="l">0</subfield>
    <subfield code="o">82-31(450) C168</subfield>
    <subfield code="p">000098</subfield>
    <subfield code="r">2026-05-11 16:17:57</subfield>
    <subfield code="w">2026-05-11</subfield>
    <subfield code="y">OG</subfield>
  </datafield>
</record>
